| 000 | 00729nam a2200217Ia 4500 | ||
|---|---|---|---|
| 003 | GCL | ||
| 008 | 140319s9999 xx 000 0 ara d | ||
| 040 |
_aGCL / _cGCL |
||
| 082 | 0 | 4 |
_a398.9 _bم ا |
| 100 | 1 | _aمحمد عبدالله المرى | |
| 245 | 1 | 0 |
_aالامثال الشعبية فى البيئة القطرية / _cمحمد عبدالله المرى |
| 700 | 1 | _aاحمد محمد صالح التركىمى | |
| 300 | _a626 ص | ||
| 490 |
_aسلسلة الترث _v0 |
||
| 650 | 0 | 4 | _aالامثال العامية العربية |
| 650 | 0 | 4 | _aالامثال العامية |
| 650 | 0 | 4 | _aقطر |
| 650 | 0 | 4 | _aالامثال الشعبية |
| 650 | 0 | 4 | _aالامثال العربية - قطر |
| 942 |
_2ddc _cBK |
||
| 999 |
_c42222 _d42222 |
||